Acaros del alto valle de río negro y neuquen : su control /
Guardado en:
| Autor Principal: | |
|---|---|
| Otros Autores: | |
| Formato: | Libro |
| Publicado: |
Alto Valle :
Inta,
1968
|
| Materias: | |
| Etiquetas: |
Agregar Etiqueta
Sin Etiquetas, Sea el primero en etiquetar este registro!
|
| LEADER | 00582nam a22001935a 4500 | ||
|---|---|---|---|
| 001 | CEM.cems017976 | ||
| 005 | 20130322125213.0 | ||
| 008 | 130507s1968##################000#0#####d | ||
| 003 | CEMS | ||
| 082 | 0 | 4 | |a 595.4 |
| 100 | 1 | |a Morris, Glyndwr L. | |
| 245 | 1 | 0 | |a Acaros del alto valle de río negro y neuquen : |b su control / |c Glyndwr L. Morris y Osvaldo González Pape |
| 260 | |a Alto Valle : |b Inta, |c 1968 | ||
| 300 | |a 47 p. | ||
| 653 | |a Acaros | ||
| 653 | |a Plagas | ||
| 653 | |a Arañuela | ||
| 700 | 1 | |a González Pape, Osvaldo | |
| 859 | |a CEMS |b BIB. CEMS - Agricultura |h 595.4 |i M831 |p A1811.13 |t Ej.1 | ||
